000 00816nam a2200205Ia 4500
999 _c39253
_d39253
001 5839
003 GE_BSU
005 20190918161005.0
008 181216s1971||||ge |||||||||||||| ||geo||
040 _cGE_BSU
041 _ageo
080 _a821.353.1-1 ა-58
100 _aამისულაშვილი, შალვა
_94096
245 _aლექსები სამშობლოზე /
_cშალვა ამისულაშვილი ; რედ. მ. ჯგუბერია.
264 _aთბილისი :
_bსაბჭოთა საქართველო ;
_c1971.
300 _a90 გვ. ;
_c16 სმ.
653 _aლექსები სამშობლოზე
700 _aჯგუბერია, მ.
_eრედაქტორი
_94097
942 _cBK
_2udc